=LDR 00000nam 2200000 4500 =001 INLIS000000000006893 =005 20251117015538 =035 ##$$a 0010-1125000767 =007 ta =008 251117################f##########0#ind## =082 ##$$a 304.66 =084 ##$$a 304.66 BAD p =245 1#$$a Panduan Pelatihan IUD TCu 380 A /$c Badan Koordinasi Keluarga Berencana Nasional (BKKBN) =250 ##$$a Cetakan II, Januari 1994 =260 ##$$a Jakarta :$b Badan Koordinasi Keluarga Berencana Nasional (BKKBN),$c 1994 =300 ##$$a vi, 56 hlm. : $b ilus. =650 #4$$a Kontrasepsi =650 #4$$a BKKBN =110 2#$$a Badan Koordinasi Keluarga Berencana Nasional (BKKBN)